LEADER 01248nam a2200289 4500 001 000000362544 003 CaOOAMICUS 005 20250411122542.0 008 250411s2002 it 000 u ita r 020 $a88-07-10323-0 040 $aSeMil$bita 245 03$aLo Stato di diritto :$bstoria, teoria, critica /$ca cura di Pietro Costa e Danilo Zolo ; con la collaborazione di Emilio Santoro. 264 1$aMilano :$bFeltrinelli,$c2002. 300 $a846 p. ;$c22 cm 490 1 $aCampi del sapere 650 4$aStato di diritto.$0(OLS)http://semarc/subject/11746 700 1 $aCosta, Pietro.$0(OLS)http://semarc/name/121882 700 1 $aSantoro, Emilio.$0(OLS)http://semarc/name/121883 700 1 $aZolo, Danilo.$0(OLS)http://semarc/name/16628 830 0$aCampi del sapere.$0(OLS)http://semarc/title/6510 850 $aSeMil 852 $aSeMil$W1$xVenegono$y1$m2G IV 13$j256045$B253456$CSeMilBibl$Z2$F253456 $81 961 $aBuzzi mons. Franco - Omaggio 996 $6020$a88-07-10323-0$9(OLS)http://semarc/number/302998 996 $6245$aLo Stato di diritto :$bstoria, teoria, critica$9(OLS)http://semarc/title/453473 996 $6264$aMilano :$bFeltrinelli$9(OLS)http://semarc/publisher/30237 LEADER 00957nam a2200229 i 4500 001 000000192233 003 CaOOAMICUS 005 20100915000000.0 008 100915s1957 it u000 u ita u 013 $a170806 040 $aSeMil$bita 100 1 $aHöpfl, Heinz.$0(OLS)http://semarc/name/70090 240 10$aKleine Geschichte des Britischen Weltreiches.$0(OLS)http://semarc/title/277016 245 10$aBreve storia dell'impero britannico /$cHeinz Höpfl. 260 $aMilano :$bBaldini&Castoldi,$cstampa 1957. 300 $a185 p. ;$c19 cm. 650 4$aInghilterra - Storia.$0(OLS)http://semarc/subject/960 850 $aSeMil 852 $aSeMil$W1$xVenegono$y1$m3U I 606$j142809$B142809$CSeMilBibl$Z2$F155152 $81 961 $aOmaggio: Grampa dott. Cesare 996 $6245$aBreve storia dell'impero britannico$9(OLS)http://semarc/title/277015 996 $6260$aMilano :$bBaldini&Castoldi$9(OLS)http://semarc/publisher/31951